| 000 | 00688nam a22001817a 4500 | ||
|---|---|---|---|
| 999 |
_c14998 _d14998 |
||
| 003 | OSt | ||
| 082 | _2631.587 ANE/A | ||
| 088 | _aP 231 | ||
| 100 |
_aANEESH K. V _aJISNA C. M _aRADHIKA DEVI V. U _aRAGESH K. T _93794 |
||
| 245 | _aA study on soil nailing for various C-0/ soils in Tavanur area | ||
| 260 |
_aTavanur 2011 _bDepartment of Irrigation and Drainage Engineering |
||
| 300 | _a50 | ||
| 500 | _aA study on soil nailing for various C-0/ soils in Tavanur area | ||
| 520 | _aA study on soil nailing for various C-0/ soils in Tavanur area | ||
| 700 |
_aEr. Alexander Seth (Guide) _93552 |
||
| 856 | _uhttps://drive.google.com/open?id=1AniD4lZMjGAKxpkd7ZxqWb__yOPMHoDI | ||
| 942 | _cPR | ||